| 000 | 004800000a22001810004500 | ||
|---|---|---|---|
| 003 | MACL | ||
| 005 | 20150731163844.0 | ||
| 008 | 150731b xxu||||| |||| 00| 0 eng d | ||
| 040 |
_aMACL _cMACL |
||
| 041 | _aEnglish | ||
| 082 | _a362/MIS | ||
| 100 |
_aMisra,Shailendra _93870 |
||
| 245 |
_aPolice Brutality _bAn Analysis of Police Behaviour |
||
| 260 |
_bVikas Publishing House _c1986 _aDelhi |
||
| 350 | _a95 | ||
| 650 |
_aSocial Welfare & Services _93871 |
||
| 942 |
_cBK _k362 _2ddc |
||
| 999 |
_c6207 _d6207 |
||